000 00788nam a2200253Ia 4500
003 OSt
005 20220928115222.0
006 a|||||r|||| 00| 0
007 ta
008 220927b |||||||| |||| 00| 0 eng d
020 _c8126.3999999999996
024 _a119624
037 _b124, 13/09/2013, Classic Book Service
_cTextual
040 _aSDCL
_cSDCL
_beng
041 _2eng
_aeng
082 _aV2:5'P, Q3
100 _aRedclift Victoria
_9443409
245 0 _aStatelessness and citizenship
_b Camps and the creation of political space
260 _aLondon
_bRoutledge
_c2013
300 _ax;196p.
_ccm.
650 _aPolitical Science
942 _hV2:5'P, Q3
_cTEXL
_2CC
999 _c758555
_d758555